000 00933nam0a22002651 4500
001 RU\NLR\INFOCOMM_161\5000057966
005 20250613092249.0
035 _a(NLR Aleph) 009155143
090 _a8419216
_c8419216
100 _a20100125d1934 |||y0rusy50 ca
101 0 _aeng
_ager
_arus
_afre
_gfre
102 _aRU
105 _ay ||||000|y
200 1 _aLa simplicité complexe ou la complexité simple du problème du rhumatisme
_fPar J. van Breemen ...
_gComité d'organisation du IV congrès international contre le rhumatisme
210 _aMoscou
_d1934
215 _a8 с.
_d22 см
300 _aБез тит. л. Описано по обл.
300 _aТекст на рус., англ., нем. и франц. яз.
606 _aРевматизм
_2nlr_sh1
700 1 _aBreemen
_bJ. van
_4070
801 1 _aRU
_bNLR
_c20100125
801 0 _aRU
_bNLR
_gPSBO
852 _aNLR
_jD11/275
_y2 экз.
942 _cBOOK
980 _aNB